ბათუმის შოთა რუსთაველის სახელმწიფო უნივერსიტეტის ბიბლიოთეკა

Из опыта преподавания математики. (ბიბ.ჩანაწერი № 38998)

000 -LEADER
fixed length control field 00643nam a2200205Ia 4500
001 - CONTROL NUMBER
control field 5473
003 - CONTROL NUMBER IDENTIFIER
control field GE_BSU
008 - FIXED-LENGTH DATA ELEMENTS--GENERAL INFORMATION
fixed length control field 181216s||||||||xx |||||||||||||| ||und||
040 ## - CATALOGING SOURCE
Transcribing agency GE_BSU
080 ## - UNIVERSAL DECIMAL CLASSIFICATION NUMBER
Universal Decimal Classification number 51(072)
245 ## - TITLE STATEMENT
Title Из опыта преподавания математики.
245 ## - TITLE STATEMENT
Remainder of title В VIII-Х классах сред. школы. Сборники статей.
245 ## - TITLE STATEMENT
Statement of responsibility, etc. Под ред. Л.В. Стратилатова.
260 ## - PUBLICATION, DISTRIBUTION, ETC.
Place of publication, distribution, etc. Москва
260 ## - PUBLICATION, DISTRIBUTION, ETC.
Name of publisher, distributor, etc. Учпедгиз
260 ## - PUBLICATION, DISTRIBUTION, ETC.
Date of publication, distribution, etc. 1955
300 ## - PHYSICAL DESCRIPTION
Extent 349 с. 23 см.
653 ## - INDEX TERM--UNCONTROLLED
Uncontrolled term Из опыта преподавания математики.
942 ## - ADDED ENTRY ELEMENTS (KOHA)
Koha item type წიგნი
ეგზემპლარები
Withdrawn status Lost status Damaged status Not for loan Date acquired Barcode Date last seen Price effective from Koha item type Public note
        2018-12-17 15930 2018-12-17 2018-12-17 წიგნი დარბაზი